| 000 | 00987cam a22002531 4500 | ||
|---|---|---|---|
| 001 | l 37000168 | ||
| 003 | DLC | ||
| 005 | 20260227111536.0 | ||
| 008 | 770428s1937 dcu f000 0 eng c | ||
| 010 | _al 37000168 | ||
| 035 | _a(OCoLC)2922971 | ||
| 040 |
_aU.S. Dept. of Labor _cMi _dDLC |
||
| 050 | 0 | 0 |
_aHD6093 _b.A35 no. 153 |
| 100 | 1 |
_aBest, Ethel L. _q(Ethel Lombard) |
|
| 245 | 1 | 0 |
_aWomen's hours and wages in the District of Columbia in 1937, _cby Ethel L. Best and Arthur T. Sutherland |
| 260 |
_aWashington, _bU.S. Govt. Print. Off., _c1937. |
||
| 300 |
_av, 44 p. _c23 cm. |
||
| 490 | 0 |
_aBulletin of the [U.S.] Women's bureau, _vno. 153 |
|
| 500 | _aAt head of title: United States Department of Labor. Frances Perkins, secretary. Women's bureau. Mary Anderson, director. | ||
| 650 | 0 |
_aHours of labor _zWashington (D.C.) |
|
| 650 | 0 |
_aWages _zWashington (D.C.) |
|
| 650 | 0 |
_aWomen _xEmployment _zWashington (D.C.) |
|
| 700 | 1 |
_aSoutherland, Arthur Theodore, _ejoint author |
|
| 999 |
_c36241 _d36241 |
||